000
00326 a2200133 4500
000
nam a22 7a 4500
100
_a
Shivansu
110
_a
Shivansu
245
_a
Introduction to room division
250
_a
Latest edition
260
_b
Shubham Publication
_c
2024
264
_b
Shubham Publication
_c
2024
942
_c
BK
999
_c
395671
_d
395671